Central Library OPAC University of Rajshahi

Insect and mite nutrition : (Record no. 13878)

MARC details
000 -LEADER
fixed length control field 01279nam a2200325 a 4500
001 - CONTROL NUMBER
control field 13878
003 - CONTROL NUMBER IDENTIFIER
rucl marc code BD-RjUL
005 - DATE AND TIME OF LATEST TRANSACTION
control field 20211208235529.0
008 - FIXED-LENGTH DATA ELEMENTS--GENERAL INFORMATION
fixed length control field 140202s1972 ne a b 101 0 eng
020 ## - INTERNATIONAL STANDARD BOOK NUMBER
International Standard Book Number 0444104372 (American Elsevier)
International Standard Book Number 0720441269 North Holland
035 ## - SYSTEM CONTROL NUMBER
System control number (BD-RjUL)13930
040 ## - CATALOGING SOURCE
Original cataloging agency DLC
Transcribing agency DLC
Modifying agency DLC
-- BD-RjUL
Language of cataloging eng
041 ## - LANGUAGE CODE
Language code of text/sound track or separate title eng
082 00 - DEWEY DECIMAL CLASSIFICATION NUMBER
Classification number 595.7013
Author mark and year INS 1972
111 2# - MAIN ENTRY--MEETING NAME
Meeting name or jurisdiction name as entry element International Conference on the Significance of Insect and Mite Nutrition,
Location of meeting University of Kentucky,
Date of meeting 1972.
9 (RLIN) 43385
245 10 - TITLE STATEMENT
Title Insect and mite nutrition :
Remainder of title significance and implications in ecology and pest management /
Statement of responsibility, etc. Edited by J. G. Rodriguez.
260 ## - PUBLICATION, DISTRIBUTION, ETC. (IMPRINT)
Place of publication, distribution, etc. Amsterdam :
Name of publisher, distributor, etc. North-Holland Pub. Co.,
Date of publication, distribution, etc. 1972.
300 ## - PHYSICAL DESCRIPTION
Pagination xiii, 702 p. :
Illustrations illus. ;
Size 25 cm.
500 ## - GENERAL NOTE
General note "Sole distributors for the U.S.A. and Canada: American Elsevier Publishing Company, Inc. ... New York."
504 ## - BIBLIOGRAPHY, ETC. NOTE
Bibliography, etc Includes bibliographies and index.
650 #0 - SUBJECT ADDED ENTRY--TOPICAL TERM
Topical term or geographic name as entry element Insects
General subdivision Physiology
-- Congresses.
9 (RLIN) 43378
Topical term or geographic name as entry element Mites
General subdivision Physiology
-- Congresses.
9 (RLIN) 43379
Topical term or geographic name as entry element Nutrition
General subdivision Congresses.
9 (RLIN) 43380
Topical term or geographic name as entry element Pests
General subdivision Control
-- Congresses.
9 (RLIN) 43381
700 1# - ADDED ENTRY--PERSONAL NAME
Personal name Rodriguez, J. G.,
Dates associated with a name 1920-
942 ## - ADDED ENTRY ELEMENTS (KOHA)
Source of classification or shelving scheme Dewey Decimal Classification
Koha item type Books
Holdings
Lost status Source of classification or shelving scheme Damaged status Not for loan Collection code Permanent Location Current Location Shelving location Date acquired Source of acquisition Cost, normal purchase price Total Checkouts Full call number Date last seen Copy number Koha item type
  Dewey Decimal Classification   Not For Loan Non-fiction Central Library, University of Rajshahi Central Library, University of Rajshahi Reading Room 20/09/1980 Neatherland gift 0.00   595.7013 INS 1972 02/02/2014 C-1 Books
  Dewey Decimal Classification     Non-fiction Central Library, University of Rajshahi Central Library, University of Rajshahi   30/10/1980 Neatherland     595.7013 INS 1972 26/11/2018 C-2 Books